| 000 | 00710nam a2200205 i 4500 | ||
|---|---|---|---|
| 001 | 101239 | ||
| 003 | ES-MaACL | ||
| 005 | 20250902054527.0 | ||
| 007 | t| | ||
| 008 | 051014s1967 sp ||||1| spa d | ||
| 100 | 1 |
_aMaynard, Harold Bright. _979384 |
|
| 245 | 1 | 0 |
_aManual de alta dirección / _cHarold B. Maynard ; [versión... Ismael Warleta de la Quintana y José Warleta Carrillo...]. |
| 260 |
_aBarcelona : _bReverté, _c1967. |
||
| 300 |
_aXVI, 1357 p. : _bil. ; _c22 cm. |
||
| 650 | 7 |
_aDirección de empresas _2embne _9162153 |
|
| 700 | 1 |
_aWarleta de la Quintana, Ismael. _9116105 |
|
| 700 | 1 |
_aWarleta Carrillo, José. _9116104 |
|
| 852 |
_aES-MaACL _jC-32710 _bR.63651 |
||
| 999 |
_c101239 _d101239 |
||